| 000 | 00704nam a22002057a 4500 | ||
|---|---|---|---|
| 005 | 2010080602042.0 | ||
| 010 | _aENG-98533 | ||
| 020 | _c100.00 | ||
| 035 | _aEN-82066 | ||
| 037 | _bDBAD/PUB | ||
| 082 | _a001.64 | ||
| 100 |
_aNagarajan, K. _97892 |
||
| 245 |
_aDigital computer fundamentals / _cby k. Nagarajan |
||
| 260 |
_aPerambalur _bMercury Printers & Publishers _c2008 |
||
| 270 |
_bPerambalur _e621212 |
||
| 300 |
_avarious paging: _bill. _c27cm (pbk) |
||
| 650 |
_aComputer Storage Device _97893 |
||
| 942 |
_2ddc _cEN _h001.64 _mNAG |
||
| 999 |
_c39839 _d39839 |
||